| 000 | 00793nam a22002174a 4500 | ||
|---|---|---|---|
| 005 | 20090716150329.0 | ||
| 008 | 081114s2009 ii a 000 0 eng | ||
| 010 | _aENG-94439 | ||
| 020 |
_a9788178127378 _c120.00 |
||
| 035 | _aEN-77972 | ||
| 037 | _bDBAD / PUB | ||
| 040 |
_adpl _bEnglish |
||
| 082 | _a158.1 | ||
| 100 | _aAshokIndu | ||
| 245 |
_aWhat if you die tomorrow / _cby AshokIndu |
||
| 260 |
_aNew Delhi _bReader's Delight _c(200?) |
||
| 270 |
_a12-H, New Daryaganj, Road, Opp. Traffic Kotwali, _bNew Delhi _e110002 |
||
| 300 |
_a320p. _c21cm(pbk) |
||
| 942 |
_2ddc _cEN _mASH _h158.1 |
||
| 999 |
_c28329 _d28329 |
||